Представление документа в формате RUSMARC

ПолеНазваниеЗначение
  Тип записи a
  Библиографический уровень m
001 Контрольный номер RU/SLIB/B/208740213
005 Дата корректировки 20201206204053.6
010 Индекс ISBN __
d Цена 10-00
101 Язык документа __
a Язык текста rus
200 Заглавие и сведения об ответственности __
a Заглавие На древней земле Эллады
e Сведения, относящиеся к заглавию Зап. писателя
b Общее обозначение материала Текст
210 Выходные данные __
a Место издания М.
c Издательство Молодая гвардия
d Дата издания 1957
215 Физическое описание __
a Объем 112 с.
c Иллюстрации/тип воспроизводства ил.
606 Тематические рубрики __
a Основная рубрика страноведение
y Географическая подрубрика Эллада
610 Ключевые слова __
a Ключевые слова записки
686 Индексы других классификаций __
a Классификационный индекс 84(2рос=Рус)6-4
700 Автор __
a Фамилия Поповкин
b Имя Е. Е.
4 Код отношения 070
801 Источник записи _0
a Страна RU
b Организация Муниципальное бюджетное учреждение культуры "Централизованная библиотечная система" г. Сургут (Центральная городская библиотека им. А. С. Пушкина)
g Правила каталогизации КиК/Михайлова
801 Источник записи _1
a Страна RU
b Организация Муниципальное бюджетное учреждение культуры "Централизованная библиотечная система" г. Сургут (Центральная городская библиотека им. А. С. Пушкина)
g Правила каталогизации КиК/Михайлова
852 Данные о местонахождении __
j Шифр хранения 84(2рос=Рус)6-4
c Каталожный индекс 84(2рос=Рус)6-4
i Авторский знак П 58
p Инвентарный номер 54235
901 Тип документа __
t Тип документа m
990 Данные о заказе (DOS) __
j Количество экземпляров (DOS) 1